Lí luâÌ£n vaÌ€ phương pháp công tác ĐôÌ£i thiếu niên tiêÌ€n phong HôÌ€ Chí Minh Giáo triÌ€nh đaÌ€o taÌ£o giáo viên Trung hoÌ£c cơ sở hêÌ£ Cao đẳng Sư phaÌ£m

সংরক্ষণ করুন:
গ্রন্থ-পঞ্জীর বিবরন
প্রধান লেখক: PhaÌ£m, ĐiÌ€nh NghiêÌ£p
অন্যান্য লেখক: Vũ,Hứu Ích
বিন্যাস: গ্রন্থ
ভাষা:Undetermined
প্রকাশিত: H. Giáo duÌ£c 1998
বিষয়গুলি:
অনলাইন ব্যবহার করুন:http://lrc.tdmu.edu.vn/opac/search/detail.asp?aID=2&ID=7468
ট্যাগগুলো: ট্যাগ যুক্ত করুন
কোনো ট্যাগ নেই, প্রথমজন হিসাবে ট্যাগ করুন!
Thư viện lưu trữ: Trung tâm Học liệu Trường Đại học Thủ Dầu Một
LEADER 01249nam a2200217Ia 4500
001 TDMU_7468
008 210410s9999 xx 000 0 und d
082 |a 335.54 
090 |b PH112 
100 |a PhaÌ£m, ĐiÌ€nh NghiêÌ£p 
245 0 |a Lí luâÌ£n vaÌ€ phương pháp công tác ĐôÌ£i thiếu niên tiêÌ€n phong HôÌ€ Chí Minh 
245 0 |b Giáo triÌ€nh đaÌ€o taÌ£o giáo viên Trung hoÌ£c cơ sở hêÌ£ Cao đẳng Sư phaÌ£m 
245 0 |c PhaÌ£m ĐiÌ€nh NghiêÌ£p (chủ biên), Vũ Hứu Ích, Ngô Quang Quế, TrâÌ€n Quốc ThaÌ€nh, TrâÌ€n Như Tỉnh 
260 |a H. 
260 |b Giáo duÌ£c 
260 |c 1998 
300 |a 284tr. 
650 |a ĐôÌ£i Thiếu niên tiêÌ€n phong HôÌ€ Chí Minh; ĐôÌ£i Thiếu niên tiêÌ€n phong HôÌ€ Chí Minh; Lí luâÌ£n; Phương pháp; Công tác ĐôÌ£i 
700 |a Vũ,Hứu Ích 
856 |u http://lrc.tdmu.edu.vn/opac/search/detail.asp?aID=2&ID=7468 
980 |a Trung tâm Học liệu Trường Đại học Thủ Dầu Một